A Select library of the Nicene and post-Nicene fathers of the Christian church. (Record no. 3823)
[ view plain ]
| 000 -LEADER | |
|---|---|
| fixed length control field | 02271cam a2200313 4500 |
| 001 - CONTROL NUMBER | |
| control field | 445259 |
| 003 - CONTROL NUMBER IDENTIFIER | |
| control field | OSt |
| 005 - DATE AND TIME OF LATEST TRANSACTION | |
| control field | 20190329103702.0 |
| 008 - FIXED-LENGTH DATA ELEMENTS--GENERAL INFORMATION | |
| fixed length control field | 901121m18861890nyu 001 0 eng |
| 010 ## - LIBRARY OF CONGRESS CONTROL NUMBER | |
| LC control number | 01017018 //r842 |
| 020 ## - INTERNATIONAL STANDARD BOOK NUMBER | |
| International Standard Book Number | 0802881106 (v.12) |
| 035 ## - SYSTEM CONTROL NUMBER | |
| System control number | 0317-94060 |
| 040 ## - CATALOGING SOURCE | |
| Original cataloging agency | DLC |
| Transcribing agency | DLC |
| Modifying agency | m.c |
| 041 1# - LANGUAGE CODE | |
| Language code of text/sound track or separate title | eng |
| Language code of original | mul |
| 050 0# - LIBRARY OF CONGRESS CALL NUMBER | |
| Classification number | BR60 |
| Item number | .S4 1886 |
| 082 ## - DEWEY DECIMAL CLASSIFICATION NUMBER | |
| Classification number | REF 281.4 |
| Item number | S296S |
| 245 02 - TITLE STATEMENT | |
| Title | A Select library of the Nicene and post-Nicene fathers of the Christian church. |
| Statement of responsibility, etc. | Edited by Philip Schaff and Henry Wace in connection with a number of patristic scholars of Europe and America |
| 260 ## - PUBLICATION, DISTRIBUTION, ETC. | |
| Place of publication, distribution, etc. | Michigan |
| Name of publisher, distributor, etc. | Eerdmans Publishing Company |
| Date of publication, distribution, etc. | c1983 |
| 300 ## - PHYSICAL DESCRIPTION | |
| Extent | vol.12.; 438p.; |
| Dimensions | 26 cm |
| 500 ## - GENERAL NOTE | |
| General note | English translations, with notes |
| 500 ## - GENERAL NOTE | |
| General note | Vols. 1-4, published in Buffalo |
| 500 ## - GENERAL NOTE | |
| General note | Vol. 13, published by Eerdmans Pub. Co., Grand Rapids, Mich |
| 500 ## - GENERAL NOTE | |
| General note | Includes index |
| 505 0# - FORMATTED CONTENTS NOTE | |
| Formatted contents note | v. 1. The confessions and letters of St. Augustin, with a sketch of his life and work -- v. 2. St Augustin's City of God and Christian doctrine - - v. 3. St. Augustin: On the Holy Trinity. Doctrinal treatises. Moral treatises -- v. 4. St. Augustin: The writings against the Manichæans, and against the Donatists -- v. 5. Saint Augustin: Anti-Pelagian writings -- v. 6. Saint Augustin: Sermon on the mount. Harmony of the Gospels. Homilies on the Gospels -- v. 7. St. Augustin: Homilies on the Gospel of John. Homilies on the First epistle of John. Soliloquie -- v. 8. St. Augustin: Expositions on the book of Psalms -- v. 9. St. Chrysostom: On the priesthood; Ascetic treatises; Select homilies and letters; Homilies on the statutes -- v. 10. St. Chrysostom: Homilies on the Gospel of St. Matthew -- v. 11. St. Chrysostom: Homilies on the Acts of the apostles and the Epistle to the Romans -- v. 12. St. Chrysostom: Homilies on the Epistles of Paul to the Corinthians -- v. 13. St. Chrysostom: homilies on Galatians, Ephesians, Philippians, Colossians, Thessalonians, Timothy, Titus, and Philemon --- v. 14. St. Chrysostom: Homilies on the Gospel of St. John and the Epistle to the Hebrews |
| 650 #0 - SUBJECT ADDED ENTRY--TOPICAL TERM | |
| Topical term or geographic name entry element | Christian literature, Early |
| 700 0# - ADDED ENTRY--PERSONAL NAME | |
| Personal name | Augustine, |
| Titles and other words associated with a name | Saint, Bishop of Hippo |
| 700 0# - ADDED ENTRY--PERSONAL NAME | |
| Personal name | John Chrysostom, |
| Titles and other words associated with a name | Saint, |
| Dates associated with a name | d. 407 |
| 942 ## - ADDED ENTRY ELEMENTS (KOHA) | |
| Source of classification or shelving scheme | Dewey Decimal Classification |
| Koha item type | Reference |
| Withdrawn status | Lost status | Source of classification or shelving scheme | Damaged status | Not for loan | Collection code | Home library | Current library | Shelving location | Date acquired | Cost, normal purchase price | Total Checkouts | Full call number | Barcode | Date last seen | Price effective from | Koha item type |
|---|---|---|---|---|---|---|---|---|---|---|---|---|---|---|---|---|
| Dewey Decimal Classification | Not For Loan | Reference | Harvest Mission College | Harvest Mission College | Reference | 22.11.2018 | 1000.00 | REF 281.4 S296S | 004412 | 22.11.2018 | 22.11.2018 | Reference |
